LEADER 01514nam0-2200469li-450 001 990000165280203316 005 20180918155406.0 010 $a978-3-7643-2723-1 035 $a0016528 035 $aUSA010016528 035 $a(ALEPH)000016528USA01 035 $a0016528 100 $a2001995011992-------y0itay0103----ba 101 0 $aeng 102 $aCH 200 1 $aNumerical methods for conservation laws$fRandall J. LeVeque 205 $a2. ed 210 $aBasel [etc.]$cBirkhäuser$dcopyr. 1992 215 $a214 p.$d25 cm 225 2 $aLectures in mathematics ETH Zürich 410 0$12001$aLectures in mathematics ETH Zürich 606 0 $aMetodi matematici 606 0 $aEquazioni differenziali parziali 610 0$aconservazione dell energia 676 $a531.62 700 1$aLEVEQUE,$bRandall J.$042627 801 $aSistema bibliotecario di Ateneo dell' Università di Salerno$gRICA 912 $a990000165280203316 951 $a531.62 LEV$b0005483 951 $a531.62 LEV$b0029224CBS$c531.62$d00113828 951 $a531.62 LEV(A)$b0029223CBS$c531.62$d00113829 959 $aBK 969 $aTEC 979 $c19950120 979 $c20001110$lUSA01$h1712 979 $c20020403$lUSA01$h1624 979 $aPATRY$b90$c20040406$lUSA01$h1612 979 $aDIGIUSEPPE$b90$c20040518$lUSA01$h1555 979 $aANNASEN$b90$c20120601$lUSA01$h1243 979 $aANNASEN$b90$c20120601$lUSA01$h1253 996 $aNumerical methods for conservation laws$933428 997 $aUNISA LEADER 05065nam 22005775 450 001 9911034569403321 005 20251001130459.0 010 $a3-031-94082-2 024 7 $a10.1007/978-3-031-94082-8 035 $a(CKB)41537403500041 035 $a(DE-He213)978-3-031-94082-8 035 $a(MiAaPQ)EBC32334619 035 $a(Au-PeEL)EBL32334619 035 $a(EXLCZ)9941537403500041 100 $a20251001d2026 u| 0 101 0 $aeng 135 $aur||||||||||| 181 $ctxt$2rdacontent 182 $cc$2rdamedia 183 $acr$2rdacarrier 200 10$aBridging Governance, Public Support, Innovation, and Transparency $eA Combined Approach to Sustainable Development in Europe /$fedited by Bodo E. Steiner, Inna Makarenko 205 $a1st ed. 2026. 210 1$aCham :$cSpringer Nature Switzerland :$cImprint: Palgrave Macmillan,$d2026. 215 $a1 online resource (XII, 177 p. 13 illus., 12 illus. in color.) 225 1 $aBusiness and Management Series 311 08$a3-031-94081-4 327 $aChapter 1: Social Preferences Towards the Environment: Assessing and Quantifying Public Support for Sustainable Development by Oksana Liashenko -- Chapter 2: Empowering Local Authorities for Sustainable Development The Council of Europes Role in Promoting Human RightsBased Approaches by Natalia Mishyna -- Chapter 3: Sustainability Transparency in the Banking Sector by Inna Makarenko and Bodo E. Steiner -- Chapter 4: EU Insights on Innovative Entrepreneurship Ecosystems Following Sustainable Development Goals by Oksana Khymych -- Chapter 5: Barriers to Progress How Geopolitical Risks Affect the EUs SDG Agenda by Ruslana Kuzina and Bodo E Steiner. 330 $aSustainable development can be achieved by organisations in a supportive environment that includes a culture of transparency, accountability and shared values. This short, open access contributed volume presents an overview of sustainable development practices through a comprehensive analysis of various initiatives, frameworks, and challenges faced by both governments and businesses in the pursuit of the Sustainable Development Goals (SDGs). It includes data-driven insights and analysis, as well as practical tools, policy recommendations, and theoretical frameworks to address sustainability challenges, with a particular focus on entrepreneurship, sustainable development governance and the impact of geopolitical risks on SDG progress. With a focus on the European Union and Ukraine, this book includes several interconnected chapters that each explore a different contributing factor required for successful sustainable development governance. Fully open access, it will be of great interest to students and scholars of sustainable development practices, sustainable governance and innovation, as well as practitioners and policymakers looking for strategic insights for sustainable business in the European Union. Bodo Steiner is Professor of Food Economics and Business Management at the University of Helsinki, Finland. He is also head of the research group Management and Organizations For Sustainable Food Systems, and Deputy Director at the Department of Economics and Management.. He has previously held faculty and visiting appointments at the University of Alberta, University of California - Berkeley, University College Cork, University of Kiel, and University of Southern Denmark. His research interests focus on social and environmental sustainability issues in global agri-food value chains and food systems, with particular focus on social capital and organizational networks. Inna Makarenko is a Professor of Accounting and Taxation at Sumy State University, Ukraine. She is also a Lecturer in Sustainable Finance and Accounting at the University of Helsinki, Finland. Her interdisciplinary research interests are in corporate transparency and accountability, non-financial measurement of business performance and accounting and assurance issues around the incorporation of the Sustainable Development Goals (SDG). 410 0$aBusiness and Management Series 606 $aCorporate governance 606 $aTechnological innovations 606 $aIndustrial management$xEnvironmental aspects 606 $aCorporate Governance 606 $aInnovation and Technology Management 606 $aCorporate Environmental Management 615 0$aCorporate governance. 615 0$aTechnological innovations. 615 0$aIndustrial management$xEnvironmental aspects. 615 14$aCorporate Governance. 615 24$aInnovation and Technology Management. 615 24$aCorporate Environmental Management. 676 $a658.42 702 $aSteiner$b Bodo E$4edt$4http://id.loc.gov/vocabulary/relators/edt 702 $aMakarenko$b Inna$4edt$4http://id.loc.gov/vocabulary/relators/edt 801 0$bMiAaPQ 801 1$bMiAaPQ 801 2$bMiAaPQ 906 $aBOOK 912 $a9911034569403321 996 $aBridging Governance, Public Support, Innovation, and Transparency$94449343 997 $aUNINA